书目信息 |
| 题名: |
大众运动与健康科普指南
|
|
| 作者: | 刘建红 主编 | |
| 分册: | ||
| 出版信息: | 长沙 中南大学出版社 2020.03 |
|
| 页数: | 319页 | |
| 开本: | 21cm | |
| 丛书名: | ||
| 单 册: | ||
| 中图分类: | G883-62 , R193-62 | |
| 科图分类: | ||
| 主题词: | 健身运动--jian shen yun dong--指南 , 健康教育--jian kang jiao yu--指南 | |
| 电子资源: | ||
| ISBN: | 978-7-5487-3955-5 | |
| 000 | 01111nam0 2200289 450 | |
| 001 | 012001003316 | |
| 005 | 20140203143850.0 | |
| 010 | @a978-7-5487-3955-5@dCNY38.00 | |
| 099 | @aCAL 012020100781 | |
| 100 | @a20220905d2020 em y0chiy50 ea | |
| 101 | 0 | @achi |
| 102 | @aCN@b430000 | |
| 105 | @aa a 000yy | |
| 106 | @ar | |
| 200 | 1 | @a大众运动与健康科普指南@Ada zhong yun dong yu jian kang ke pu zhi nan@d= A guide to public fitness and health@f主编刘建红@zeng |
| 210 | @a长沙@c中南大学出版社@d2020.03 | |
| 215 | @a319页@c图@d21cm | |
| 320 | @a有书目 (第318-319页) | |
| 330 | @a本书就针对运动的健康效应, 以及如何合理科学地开展运动, 为读者奉献科学知识, 指导开展日常锻炼, 为全民健身活动的蓬勃开展服务。内容包括: 健康生活方式 ; 如何提高我们的有氧能力 ; 如何提高我们的力量 等。 | |
| 510 | 1 | @aGuide to public fitness and health@zeng |
| 606 | 0 | @a健身运动@Ajian shen yun dong@j指南 |
| 606 | 0 | @a健康教育@Ajian kang jiao yu@j指南 |
| 690 | @aG883-62@v5 | |
| 690 | @aR193-62@v5 | |
| 701 | 0 | @a刘建红@Aliu jian hong@4主编 |
| 801 | 0 | @aCN@bAHXH@c20221111 |
| 905 | @b1375999-6001@dG883-62@e246@f3 | |
| 大众运动与健康科普指南= A guide to public fitness and health/主编刘建红.-长沙:中南大学出版社,2020.03 |
| 319页:图;21cm |
| ISBN 978-7-5487-3955-5:CNY38.00 |
| 本书就针对运动的健康效应, 以及如何合理科学地开展运动, 为读者奉献科学知识, 指导开展日常锻炼, 为全民健身活动的蓬勃开展服务。内容包括: 健康生活方式 ; 如何提高我们的有氧能力 ; 如何提高我们的力量 等。 |
| ● |
| 相关链接 |
|
|
|
|
正题名:大众运动与健康科普指南
索取号:G883-62/246
 
预约/预借
| 序号 | 登录号 | 条形码 | 馆藏地/架位号 | 状态 | 备注 |
| 1 | 1375999 | 213759994 | 第一样本阅览室/ [索取号:G883-62/246] | 在馆 | |
| 2 | 1376000 | 213760009 | 第四借阅区/ [索取号:G883-62/246] |
已借出,限还日期为2024.09.16 借出人:牛云飞 |
|
| 3 | 1376001 | 213760018 | 第四借阅区/ [索取号:G883-62/246] | 在馆 |